| 000 | 01206nam a22002897i 4500 | ||
|---|---|---|---|
| 003 | OSt | ||
| 005 | 20251210171938.0 | ||
| 008 | 251210s2017 xxuo|||grc||| 00| 0 eng d | ||
| 020 | _a9780985448578 | ||
| 040 |
_bspa _cLADOV |
||
| 041 | 1 |
_aspa _aeng |
|
| 082 | 0 | 4 |
_a708 _bB433n |
| 100 | 1 |
_aBell, Natalie _eeditora |
|
| 245 | 1 | 0 |
_aNaufus Ramírez-Figueroa / _cedited by Natalie Bell, João Mourão and Luis Sílva. |
| 260 |
_aNueva York : _bNew Museum, _c[2018]. |
||
| 260 |
_aLisboa, Portugal : _bKunsthalle Lissabon, _c[2018]. |
||
| 300 |
_a183 páginas : _bfotografías e ilustraciones a color ; _c25 cm |
||
| 500 | _aPublished on the occasion of the exhibition "Naufus Ramírez-Figueroa: The house ot Kawinal (June 6 - September 9, 2018). – Publicado con motivo de la exposición "Naufus Ramírez-Figueroa: La casa de Kawinal (6 de junio - 9 de septiembre de 2018). | ||
| 650 | 0 | 4 |
_aArte _vexposiciones |
| 650 | 0 | 4 |
_aArte _vGuatemala |
| 650 | 0 | 4 |
_aArte _vcatálogos |
| 650 | 0 | 4 | _aArte contemporáneo |
| 700 | 1 |
_aMourão, João _eeditor |
|
| 700 | 1 |
_aSílva, Luis _eeditor |
|
| 700 | 1 |
_aRamírez-Figueroa, Naufus _eeditor _eartista |
|
| 942 |
_2ddc _c1 _h708 _iB433n _n0 |
||
| 999 |
_c4598 _d4598 |
||